Stanovenie rezíduí pesticídov v detskej výžive s využitím analytickej techniky HR-MS v spojení s vhodnou úpravou vzorky diplomová práca

Saved in:
Bibliographic Details
Main Author: Vojtaneková, Dominika
Format: Book
Language:Slovak
Published: Bratislava STU FCHPT 2018
Online Access:View in OPAC
Tags: Add Tag
No Tags, Be the first to tag this record!

MARC

LEADER 00000nam a2200000 a 4500
005 20260127134310.0
008 180605 2018 xo a 001 0 slo d
035 |a vtls011760233 
039 9 |y 201806050925  |z mschk03 
040 |a STUSCHK1  |b slo  |c STUSCHK1  |e AACR2 
100 1 |a Vojtaneková, Dominika 
245 1 |a Stanovenie rezíduí pesticídov v detskej výžive s využitím analytickej techniky HR-MS v spojení s vhodnou úpravou vzorky  |b diplomová práca  |c Dominika Vojtaneková 
260 |a Bratislava  |b STU FCHPT  |c 2018 
300 |a 81 s.  |b il.  |c 25 cm 
500 |a Študijný program: technická chémia 
500 |a Študijný odbor: chémia, chemické technológie 
500 |a Školiace pracovisko: Ústav analytickej chémie 
500 |a Evid. číslo: FCHPT-104542-61307 
500 |a Obhájené: 29.5.2018 
910 |a SCHK95 
999 |c 9166  |d 9166